000
00291 a2200109 4500
001
68579
040
_c
Anchieta - Itaigara
240
1
0
_a
Apresentação 1ª série
_l
245
1
0
_a
Apresentação 1ª série
650
4
_a
Documentários, mídia educacional, jornalismo e publicidade
942
_c
MX
999
_c
68579
_d
68579